Ils sont nés ou décédés à Noël - Statistiques

Statistiques générales
  • Ce quiz a été pris 35 fois
  • Le résultat moyen est 3 sur 10
Statistiques - réponses
Hint Réponse % Correct
Acteur né en 1889, décédé le 25 décembre 1977 en Suisse, son vrai nom était Spencer. Il s'est illustré dans le cinéma muet. Charlie Chaplin
88%
Chanteur anglais, né en 1963, décédé le 25 décembre 2016, il a interprété notamment "Last Christmas" et a fait partie du groupe "Wham !". George Michael
72%
Chanteur américain né en 1933, décédé le 25 décembre 2006, il a cartonné avec le titre "Get Up (I Feel Like Being a) Sex Machine". James Brown
44%
Peintre français, né le 24 décembre 1919, décédé en 2022 à l'âge de 102 ans, il est connu pour son "outrenoir". Pierre Soulages
41%
Acteur et crooner américain, né en 1917, décédé le 25 décembre 1995, il est célèbre pour son duo avec Jerry Lewis, que ce soit sur scène au cinéma. Dean Martin
28%
Romancière américaine, née le 24 décembre 1927, décédée en 2020, elle a écrit énormément de romans policiers, ce qui lui a valu le surnom de "la reine du suspens". Mary Higgins Clark
22%
Acteur français, né le 24 décembre 1887, décédé en 1951, il est également metteur en scène et célèbre pour avoir joué et mis en scène "Knock". Louis Jouvet
19%
Actrice américaine, née le 24 décembre 1922, décédée en 1990, elle était surnommée "Snowdrop" (Perce-neige). Elle obtient un Oscar pour son rôle dans le film "Mogambo". Ava Gardner
9%
Réalisateur américain, d'origine hongroise, né le 24 décembre 1886 à Budapest, décédé en 1962, il a réalisé le film "Casablanca". Michael Curtiz
9%
Romancière française, née en 1948, décédée le 25 décembre 2023, elle a situé l'action de la plupart de ses romans en Lorraine. "Trois reines pour une couronne" est son livre le plus célèbre. Elise Fischer
0%
Aucun quiz correspondant
Distribution des résultats
% des personnes avec chaque résultat
Percentile par nombre de réponses
Votre historique - résultats
Vous n’avez pas pris ce quiz